header

General relativity and the Einstein equations (Record no. 431)

MARC details
000 -LEADER
fixed length control field 01300nam a2200325Ia 4500
100 1# - MAIN ENTRY--AUTHOR NAME
Personal name Choquet-Bruhat, Yvonne.
245 10 - TITLE STATEMENT
Title General relativity and the Einstein equations
260 ## - PUBLICATION, DISTRIBUTION, ETC. (IMPRINT)
Place of publication Oxford ;
-- New York :
Name of publisher Oxford University Press,
Year of publication 2009.
300 ## - PHYSICAL DESCRIPTION
Number of Pages xxiv, 785 p. :
Other physical details ill.
490 1# - SERIES STATEMENT
Series statement Oxford mathematical monographs
650 #0 - SUBJECT ADDED ENTRY--TOPICAL TERM
Topical Term General relativity (Physics)
Topical Term Einstein field equations.
856 40 - ELECTRONIC LOCATION AND ACCESS
Uniform Resource Identifier http://site.ebrary.com/lib/rucke/Doc?id=10288409

No items available.

© 2026 Rongo University
Contact us: librarian | system librarian | Rongo university